| 000 | 00599nam a2200193 i 4500 | ||
|---|---|---|---|
| 001 | 185780 | ||
| 003 | ES-MaACL | ||
| 005 | 20230906222521.0 | ||
| 008 | 160808q1922 gw |||| | ger d | ||
| 100 | 1 |
_aKheiri, Sattar. _9160385 |
|
| 245 | 1 | 0 |
_aIslamische architektur / _cmit einer einleitung von prof. Sattar Kheiri. |
| 260 |
_aBerlin : _bE. Wasmuth A. G., _c[1922] |
||
| 300 |
_a16 p., 48 p. de lám. ; _c26 cm. |
||
| 490 | 1 |
_aOrbis pictus ; _v14 |
|
| 650 |
_aArquitectura musulmana. _9157234 |
||
| 830 | 0 |
_aOrbis pictus ; _v14 _9192388 |
|
| 852 |
_aES-MaACL _jG-13368 |
||
| 999 |
_c185780 _d185780 |
||